000 00739nam a2200265Ia 4500
003 OSt
005 20221007110652.0
006 a|||||r|||| 00| 0
007 ta
008 221006b |||||||| |||| 00| 0 eng d
024 _a21,589
037 _cTextual
040 _aLCO
_cLCO
_beng
041 _2eng
_aeng
082 _aX8(A):97, L8
100 _aH.L. Kumar
_9459580
245 0 _aLabour Management Misconducts Chargesheets and Enquiries
250 _a1st
260 _aNew
_bDelhi Metropolitan Book Company Pvt. Ltd. India
_c1978
300 _a212
650 _aMISCONDUCTS
_9707745
700 _a Jain Ashoka
_9707746
942 _hX8(A):97, L8
_cTEXL
999 _c1191152
_d1191152